| 000 | 00353nam a2200097Ia 4500 | ||
|---|---|---|---|
| 008 | 160523s9999 xx 000 0 und d | ||
| 245 | _aTourism - From Empirical Research Towards Practical Application | ||
| 245 | _cLeszek Butowski | ||
| 260 | _c2016 | ||
| 856 | _uhttp://www.intechopen.com/books/tourism-from-empirical-research-towards-practical-application | ||
| 999 |
_c294818 _d294818 |
||